000 00627nab a2200181 4500
001 244442
003 OSt
005 20230623070735.0
007 tu
008 200917s2020|||||||
040 _aDE-2950
_cDE-2950
245 0 0 _aPläne für Turm vorerst auf Eis.
_bHelenesee. Die Idee zum bau eines "Viewpoint" kam schräg an in der Bevölkerung, räumt der OB ein. Jetzt gab es dazu eine Verständigung mit dem Bergbauamt /
_cThomas Gutke
264 _c2023
653 _aFrankfurt (Oder)
653 _aHelenesee
773 0 _g34. Jahrgang (2023) Nr. 136 vom 14.06.2023, S. 13: mit Foto
_tMärkische Oderzeitung
942 _2z
_cA
999 _c372561
_d372561